000 00870nam a2200277 a 4500
001 1192
003 BR-CuiBMT
005 20231216005938.0
008 231130s2013 mtba 000 0 por d
020 _a9788532704917
040 _aBR-CuiBMT
_cBR-CuiBMT
080 _a37.018.43
_22007
090 _a37.018.43
_bA492
245 0 0 _aAmbientes virtuais de aprendizagem /
_cCristiano Maciel (organizador).
260 _aCuiabá :
_bEdUFMT,
_c2013.
300 _a259 p. :
_bil. ;
_c21 cm
490 1 _aColeção educação à distância ;
_v10
504 _aInclui bibliografia.
650 _aEnsino à distância
_xEnsino auxiliado por computador
650 _aTecnologia educacional
650 _aEnsino via Web
650 _aPrática de ensino
700 _a Maciel, Cristiano,
_d1972-
_4Org.
830 0 _aEducação a distância (EdUFMT) ;
_v10
942 _2udc
_cLV
999 _c1192
_d1192